Hodnotenie, rozmiestňovanie, odmeňovanie a uvoľňovanie zamestnancov : Diplomová práca

Salvato in:
Dettagli Bibliografici
Autore principale: Paľová, Ivana (Autore)
Altri autori: Šaturová, Katarína, 1968- (xxx)
Natura: Manoscritto Libro
Lingua:slovacco
Pubblicazione: Trnava : STU v Bratislave MtF KPIM, 2004
Soggetti:
Tags: Aggiungi Tag
Nessun Tag, puoi essere il primo ad aggiungerne!!

MARC

LEADER 00000ntm a22000003a 4500
001 stu89409
005 20160719154621.7
008 040730s2004----xo------------------slo-d
040 |a STU  |b slo 
041 0 |a slo 
044 |a xo 
100 1 |a Paľová, Ivana  |4 aut 
245 1 |a Hodnotenie, rozmiestňovanie, odmeňovanie a uvoľňovanie zamestnancov :  |b Diplomová práca 
260 |a Trnava :  |b STU v Bratislave MtF KPIM,  |c 2004 
300 |a 59 s  |c príl., disketa 
650 7 |a priemyselné inžinierstvo a manažment  |2 stusub 
650 7 |a personalistika  |2 stusub 
700 1 |a Šaturová, Katarína,  |d 1968-  |4 xxx  |X 3649  |7 A000003649 
996 |b 284M060061  |c M*DP-5301  |l MMSKP  |s P  |a 0  |w stu89409_0001